01266 a2200217 4500001000500000005001700005008004100022003001500063040004000078080007900118245005400197020002200251250001200273264003400285300001900319505050800338100002900846700002800875700002300903856012200926194920260407155421.0260407a2008 arg spa dAR-UNSa-BCEJYS aAR-UNSa-BCEJYSbspacAR-UNSa-BCEJYS a336.226.3xImpuestos por el uso de los ingresos. Impuestos al consumo. IVA10aImpuesto al valor agregadopexplicado y comentado a978-987-01-0797-2 a1a. ed. 1aBuenos Aires :bErreparc2008 a166 p.c27 cm. a1. Aspectos teóricos de la imposición al consumo - 2. Estructura de la ley en la legislación argentina - 3. Venta de cosas muebles - 4. Obras, locaciones y prestaciones de servicios gravados - 5. Importación definitiva de cosas muebles - 6. Importación de servicios - 7. Exenciones - 8. Base imponible.L:10 - 9. Alícuotas - 10. Débito fiscal - 11. Crédito fiscal - 12. Declaración jurada - 13. Operatorias en las que la determinación del impuesto ofrece características especiales 1 aCeldeiro, Ernesto Carlos1 aImirizaldu, Juan José1 aOberkersch, Marisa41uhttps://biblioeco.unsa.edu.ar/pmb/images/libros/Impuesto al Valor Agregado-l117229.jpgyImagen de portadaqimage/jpeg